Lịch sử văn học Việt Nam; T2: Văn học viết; Thời kỳ I: Các giai đọan I, II và III
সংরক্ষণ করুন:
| প্রধান লেখক: | |
|---|---|
| বিন্যাস: | গ্রন্থ |
| ভাষা: | Undetermined |
| প্রকাশিত: |
Hà Nội
Giáo dục
1978
|
| বিষয়গুলি: | |
| ট্যাগগুলো: |
ট্যাগ যুক্ত করুন
কোনো ট্যাগ নেই, প্রথমজন হিসাবে ট্যাগ করুন!
|
| Thư viện lưu trữ: | Trung tâm Học liệu Trường Đại học Cần Thơ |
|---|
| LEADER | 00694nam a2200205Ia 4500 | ||
|---|---|---|---|
| 001 | CTU_8337 | ||
| 008 | 210402s9999 xx 000 0 und d | ||
| 082 | |a 895.92209 | ||
| 082 | |b Ng527/T2 | ||
| 100 | |a Bùi, Văn Nguyên | ||
| 245 | 0 | |a Lịch sử văn học Việt Nam; T2: | |
| 245 | 0 | |b Văn học viết; Thời kỳ I: Các giai đọan I, II và III | |
| 245 | 0 | |c Bùi Văn Nguyên | |
| 260 | |a Hà Nội | ||
| 260 | |b Giáo dục | ||
| 260 | |c 1978 | ||
| 526 | |a Văn học Việt Nam hiện đại 1 (1900 - 1930) | ||
| 526 | |b SG214 | ||
| 650 | |a vietnamese literature - history and criticism | ||
| 980 | |a Trung tâm Học liệu Trường Đại học Cần Thơ | ||